000 00878nam a22002177a 4500
999 _c61744
_d61744
005 20240426124620.0
008 240426s2005 eng||||| |||| 00| 0 eng d
020 _a9789997638243x
041 _aeng
080 _a616.9 M-24
100 _aMandell, Douglas
_921949
245 _aMandell, Douglas, and Bennett's principles and practice of infectious diseases :
_bVolume 1 /
_cGerald L. Mandell, John E. Bennett, Raphael Dolin.
250 _aSixth edition
264 _aPhiladelphia :
_bElsevier,
_c2005.
300 _a1726 p.:
_bill.;
_c28 cm.
653 _aინფექციური დაავადებების პრინციპები და პრაქტიკა
653 _aმედიცინა
700 _aBennett, John E.
_eავტორი
_921951
700 _aDolin, Raphael
_eავტორი
_921952
942 _2udc
_cᲬᲘᲒᲜᲘ